| 000 | 00592nam a2200217Ia 4500 | ||
|---|---|---|---|
| 003 | OSt | ||
| 005 | 20230406104732.0 | ||
| 008 | 210423s2008 xx 000 0 und d | ||
| 020 | _a8125909346 | ||
| 040 | _cAL | ||
| 041 | _aeng | ||
| 082 |
_a541.2242 _223 _bGOPR |
||
| 100 |
_aGOPALAN (R);RAMALINGAM (V). _952097 |
||
| 245 | _aConcise coordination chemistry. | ||
| 260 |
_aNew Delhi _bW H Freeman & Co. _c2008 |
||
| 300 |
_axix,403 _bPB |
||
| 365 |
_b310 _cINR |
||
| 650 |
_aPhysical & Theoretical Chemistry _952098 |
||
| 906 | _achemistry. ; Concise ; coordination | ||
| 942 |
_2ddc _cBK |
||
| 999 |
_c153875 _d153875 |
||